Libro de trabajo 6, Proporciones y porcentajes. Nivelación Restitutiva de Matemática, más educación en Primero Medio
Guardat en:
| Autors principals: | , , , |
|---|---|
| Format: | Llibre |
| Idioma: | espanyol |
| Publicat: |
Santiago
Mineduc
2003
|
| Col·lecció: | Liceo para Todos
|
| Matèries: | |
| Etiquetes: |
Afegir etiqueta
Sense etiquetes, Sigues el primer a etiquetar aquest registre!
|
MARC
| LEADER | 00000nam a2200000 a 4500 | ||
|---|---|---|---|
| 001 | UCJ1800 | ||
| 003 | CL-VaPUC | ||
| 008 | 061117e20030000CL |||||||||||||||||spa|d | ||
| 082 | 0 | 4 | |a 510.712 |b BAL |2 21 |
| 100 | 0 | |a Balbontín, Clara |e author |9 502513 | |
| 700 | 0 | |a Marshall, Victoria |e author |9 502514 | |
| 700 | 0 | |a Raul, María Isabel |e author |9 502515 | |
| 700 | 0 | |a Schwarze, Gloria |e author |9 502516 | |
| 245 | 1 | 0 | |a Libro de trabajo 6, Proporciones y porcentajes. Nivelación Restitutiva de Matemática, más educación en Primero Medio |
| 300 | |a 24 p | ||
| 942 | |c BK | ||
| 945 | |d 20061117 00:00:00 |a cmena | ||
| 260 | |a Santiago |b Mineduc |c 2003 | ||
| 650 | 0 | |a Matemáticas |x Enseñanza |9 875527 | |
| 650 | 0 | |a Métodos de enseñanza |9 270413 | |
| 650 | 7 | |a PROPORCIONES |2 CL-VaPUC |9 427524 | |
| 583 | |a last modification |c 20061117 00:00:00 |k Rodrigo Vera | ||
| 490 | 0 | |a Liceo para Todos | |
| 999 | |c 318247 |d 318245 | ||
| 952 | |0 0 |1 0 |4 0 |6 510_712000000000000_BAL_2003 |7 0 |8 A |9 395797 |a BIBMAT |b BIBMAT |c E_DIDACT |d 2019-11-22 |i 4297512 |o 510.712 BAL 2003 |p 4297512 |r 2025-01-07 |w 2019-11-22 |y BK |k MAT | ||